书目信息 |
| 题名: |
有机化学习题解析
|
|
| 作者: | 叶玲 , 董陆陆 主编 ;董陆陆 , 叶玲 主编 ;高等医学院校有机化学立体化教材编写组 编写 | |
| 分册: | ||
| 出版信息: | 北京 高等教育出版社 2004.12 |
|
| 页数: | 186页 | |
| 开本: | 23cm | |
| 丛书名: | 五年制医学专业有机化学课程系列教材 | |
| 单 册: | ||
| 中图分类: | R313-44 | |
| 科图分类: | ||
| 主题词: | 医药学:基础科学--you ji hua xue--高等学校--解题 , 医学人类学 | |
| 电子资源: | ||
| ISBN: | 7-04-015581-8 | |
| 000 | 01530nam 2200361 450 | |
| 001 | 0959675999 | |
| 005 | 20091012163612.00 | |
| 010 | @a7-04-015581-8@dCNY 13.40 | |
| 099 | @aCAL 012005017109 | |
| 100 | @a20050307d2004 em y0chiy0121 ea | |
| 101 | 0 | @achi |
| 102 | @aCN@b110000 | |
| 105 | @ay z 000yy | |
| 200 | 1 | @a有机化学习题解析@Ayou ji hua xue xi ti jie xi@f高等医学院校有机化学立体化教材编写组;董陆陆,叶玲主编@Fgao deng yi xue yuan xiao you ji hua xue li ti hua jiao cai bian xie zu;dong lu lu,ye ling zhu bian@g董陆陆, 叶玲主编 |
| 210 | @a北京@c高等教育出版社@d2004.12 | |
| 215 | @a186页@d23cm | |
| 225 | 2 | @a五年制医学专业有机化学课程系列教材@Awu nian zhi yi xue zhuan ye you ji hua xue ke cheng xi lie jiao cai |
| 300 | @a教育科学“十五”国家规划课题研究成果 | |
| 311 | @a本书是徐春祥,徐瑞兴主编的《有机化学》的辅助教材 | |
| 333 | @a供基础、预防、临床、口腔等医学类专业用 | |
| 410 | 0 | @12001 @a五年制医学专业有机化学课程系列教材 |
| 488 | 0 | @12001 @a有机化学@1210 @a北京@c高等教育出版社@1701 0@a徐春祥@1701 0@a徐瑞兴 |
| 606 | 0 | @a医药学:基础科学@Ayou ji hua xue@x高等学校@j解题 |
| 606 | 0 | @a医学人类学 |
| 690 | @aR313-44@v4 | |
| 701 | 0 | @a叶玲@Aye ling@4主编 |
| 701 | 0 | @a董陆陆@Adong lu lu@4主编 |
| 702 | 0 | @a董陆陆@Adong lu lu@4主编 |
| 702 | 0 | @a叶玲@Aye ling@4主编 |
| 712 | 02 | @a高等医学院校有机化学立体化教材编写组@Agao deng yi xue yuan xiao you ji hua xue li ti hua jiao cai bian xie zu@4编写 |
| 801 | 0 | @aCN@bHST@c20091012 |
| 905 | @a10447@dR313-44@eG100 | |
| 998 | @aHST | |
| 有机化学习题解析/高等医学院校有机化学立体化教材编写组;董陆陆,叶玲主编/董陆陆, 叶玲主编.-北京:高等教育出版社,2004.12 |
| 186页;23cm.-(五年制医学专业有机化学课程系列教材) |
| 教育科学“十五”国家规划课题研究成果.-使用对象:供基础、预防、临床、口腔等医学类专业用 |
| ISBN 7-04-015581-8:CNY 13.40 |
| ● |
| 相关链接 |
|
|
|
正题名:有机化学习题解析
索取号:R313-44/G100
 
预约/预借
| 序号 | 登录号 | 条形码 | 馆藏地/架位号 | 状态 | 备注 |
| 1 | 657222 | 206572225 | 自科库401/401自科库 13排3列3层/ [索取号:R313-44/G100] | 在馆 | |
| 2 | 657223 | 206572234 | 自科库401/401自科库 13排3列3层/ [索取号:R313-44/G100] | 在馆 | |
| 3 | 657224 | 206572243 | 自科库401/401自科库 13排3列3层/ [索取号:R313-44/G100] | 在馆 |